| 000 | 00446nam a2200133Ia 4500 | ||
|---|---|---|---|
| 008 | 170221s9999 xx 000 0 und d | ||
| 100 | _aBruhn, Aaron | ||
| 245 | _aBarriers to Co-Contribution in Superannuation: a Comparative Assessment of the Financial Benefits of Scheme Participation | ||
| 245 | _cAaron Bruhn and Tim Higgins | ||
| 260 | _c2012 | ||
| 300 | _a32 : 6 | ||
| 650 | _xBusiness | ||
| 856 | _uhttp://ro.uow.edu.au/aabfj/vol7/iss3/8/ | ||
| 999 |
_c311256 _d311256 |
||